|
|
|
|
| LEADER |
00000nam0a2200000 4500 |
| 001 |
196884 |
| 005 |
20231031183301.0 |
| 010 |
|
|
|a 5020021156
|
| 020 |
|
|
|a RU
|b 90-8239
|
| 035 |
|
|
|a (RuTPU)RU\TPU\book\214763
|
| 090 |
|
|
|a 196884
|
| 100 |
|
|
|a 20110601d1990 k y0rusy5003 ca
|
| 101 |
0 |
|
|a rus
|
| 102 |
|
|
|a RU
|
| 105 |
|
|
|a a z 001zy
|
| 200 |
1 |
|
|a Месторождения подземных вод горно-складчатых областей на примере Прибайкалья и Западного Забайкалья
|f И. М. Борисенко, А. А. Адушинов, Т. Е. Литвиненко
|g Академия наук СССР (АН СССР), Сибирское отделение (СО), Бурятский геологический институт (БГИ) ; отв. ред. Б. И. Писарский
|
| 210 |
|
|
|a Москва
|c Наука
|d 1990
|
| 215 |
|
|
|a 124 с.
|c ил.
|d 21 см
|
| 320 |
|
|
|a Библиогр.: с. 119-122 (87 назв.).
|
| 610 |
1 |
|
|a подземные воды
|
| 610 |
1 |
|
|a месторождения
|
| 610 |
1 |
|
|a Прибайкалье
|
| 610 |
1 |
|
|a Забайкалье
|
| 610 |
1 |
|
|a горно-складчатые регионы
|
| 610 |
1 |
|
|a формирование
|
| 610 |
1 |
|
|a геологические предпосылки
|
| 610 |
1 |
|
|a пресные подземные воды
|
| 610 |
1 |
|
|a криолитозона
|
| 610 |
1 |
|
|a минеральные воды
|
| 610 |
1 |
|
|a рациональное использование
|
| 610 |
1 |
|
|a защита
|
| 610 |
1 |
|
|a загрязнения
|
| 610 |
1 |
|
|a истощение
|
| 610 |
1 |
|
|a охрана
|
| 675 |
|
|
|a 556.3(571)
|z rus
|v 3
|
| 700 |
|
1 |
|a Борисенко
|b И. М.
|g Иван Михайлович
|4 070
|
| 701 |
|
1 |
|a Адушинов
|b А. А.
|g Альберт Алексеевич
|
| 701 |
|
1 |
|a Литвиненко
|b Т. Е.
|g Татьяна Евгеньевна
|
| 702 |
|
1 |
|a Писарский
|b Б. И.
|4 340
|
| 712 |
0 |
2 |
|a Академия наук СССР (АН СССР)
|b Сибирское отделение (СО)
|b Бурятский геологический институт (БГИ)
|c (Улан-Удэ)
|2 stltpush
|3 (RuTPU)RU\TPU\col\11435
|
| 801 |
|
0 |
|a RU
|b RuMRKP
|c 19950417
|g psbo
|
| 801 |
|
1 |
|a RU
|b 63413507
|c 20110601
|
| 801 |
|
2 |
|a RU
|b 63413507
|c 20170208
|g RCR
|
| 942 |
|
|
|c BK
|